000 00408nam a2200157Ia 4500
999 _c8192
_d8192
003 0100
005 20190509102459.0
008 130303s9999 xx 000 0 und d
020 _a937716065
040 _cARRUPELIB
050 _aBV652.2.H35 1981
100 _aHammett, Rosine
_946347
245 _aInside Christian community
_cRosine Hammett and Loughlan Sofield
260 _aUnited States of America
_bLe Jacq Publishing Inc.
_c1981
300 _axxiv, 149p. ;
_c25cm.
300 _b
650 _aChurch group work
_97787
650 _aReligious life
_xPsychology
_946348
650 _aChristian communities
_xCatholic Church
_xPsychology
_946349
942 _2lcc
_cMONOGRAPH